000 00748nam a22002537a 4500
001 8286
003 FISKH
005 20250908142443.0
008 250908b cb ||||| |||| 00| 0 eng d
020 _a9780545157230
040 _aFISKH
_beng
_cFISKH
_dFISKH
050 _aPZ7.P5555 V
082 _a823.92
100 _aPichon, Liz
_d(1963-)
245 _aThe very ugly bug /
_cBy Liz Pichon
250 _aThis edition first published in 2004
260 _aNew York :
_bScholastic,
_c2004
300 _a26 unnumbered pages :
_bcolor illustrations ;
_c24 cm
505 _aR
520 _aA bug is so ugly she scares away the bird that was about to devour her.
521 8 _a770
_bLexile
521 8 _aR
_bRaz-Plus
942 _2ddc
_cBK
_n0
999 _c8286
_d8286